000 00652nam a22002297a 4500
005 20231016101315.0
008 231016b ||||| |||| 00| 0 eng d
040 _cAL
041 _aEnglish
082 _223
_a332.4
_bKALM
100 _aShripathi Kalluraya P and others
_9138017
245 _aMoney and Banking
260 _aMangalore
_bMangala Publications
_c2007
300 _a155 p.
_bPB
_c21x13 cm.
365 _a2684
_c
_d₹ 60.00
_f13-08-2010
650 _abanking
_9138018
650 _aBA
_9138019
650 _aSEM III
_9138020
700 _aKALLURAYA (Shripathi P)
_9138021
700 _aNAYAK (Jayavantha)
_9138022
942 _2ddc
_cBK
999 _c228970
_d228970